000 00737nam a2200241 a 4500
008
049 _aMAIN
090 0 _aHF1017
100 1 0 _aWonnacott, Thomas H.
245 1 0 _aIntroductory statistics for business and economics /
_cThomas H. Wonnacott and Ronald J. Wonnacott.
250 _a2nd ed.
260 0 _aNew York :
_bWiley,
_c1977.
300 _axxii, 753 p. :
_bill. ;
_c22 cm.
490 0 _aWiley series in probability and mathematical statistics.
500 _aIncludes index.
650 0 _aStatistics.
700 1 0 _aWonnacott, Ronald J.
907 _a.b10084265
_b26-07-03
_c23-07-03
003
005 20230123133350.0
040 _cNUST
942 _cBOOKS
_kHF1017
999 _c147348
_d147348